Ensayos biográficos y de crítica literaria sobre los principales poetas y literatos hispanoamericanos / (Record no. 166479)

MARC details
000 -LEADER
campo de control de longitud fija 00621nam a22001695i 4500
001 - NÚMERO DE CONTROL
campo de control 166479
003 - IDENTIFICADOR DE NÚMERO DE CONTROL
campo de control ES-MaACL
005 - FECHA Y HORA DE LA ÚLTIMA TRANSACCIÓN
campo de control 20230906213337.0
008 - DATOS DE LONGITUD FIJA--INFORMACIÓN GENERAL
campo de control de longitud fija 991201s1863 sp |||| |dspa d
040 ## - FUENTE DE CATALOGACIÓN
Centro catalogador/agencia de origen M-RAJU
Lengua de catalogación spa
Centro/agencia transcriptor M-RAJU
Centro/agencia modificador CCPB | B
100 1# - ENTRADA PRINCIPAL--NOMBRE DE PERSONA
Nombre de persona Torres Caicedo, José María.
9 (RLIN) 133326
245 10 - MENCIÓN DEL TÍTULO
Título Ensayos biográficos y de crítica literaria sobre los principales poetas y literatos hispanoamericanos /
Mención de responsabilidad, etc. J.M. Torres Caicedo.
260 ## - PUBLICACIÓN, DISTRIBUCIÓN, ETC.
Lugar de publicación, distribución, etc. Paris :
Nombre del editor, distribuidor, etc. Guillaumin et Cie.,
Fecha de publicación, distribución, etc. 1863.
300 ## - DESCRIPCIÓN FÍSICA
Extensión 2 v. ;
Dimensiones 22 cm.
650 #4 - PUNTO DE ACCESO ADICIONAL DE MATERIA--TÉRMINO DE MATERIA
Término de materia o nombre geográfico como elemento de entrada Poetas-
Subdivisión geográfica América-
Subdivisión de forma Biografías.
9 (RLIN) 136744
852 ## - LOCALIZACIÓN
Ubicación ES-MaACL
Número de control de estantería F-8077-78
Nota libre -- Enc. hol.
Holdings
Estatus retirado Estado de pérdida Estado de daño No para préstamo Colección Biblioteca de origen Biblioteca actual Ubicación en estantería Fecha de adquisición Total de préstamos Signatura topográfica completa Código de barras Visto por última vez Precio de reemplazo Tipo de ítem Koha
        Libros del s. XIX Biblioteca del Ateneo de Madrid Biblioteca del Ateneo de Madrid Sala Pecera Planta 2 17/01/2008   F-8077-78 1174604 23/02/2023 23/02/2023 Libro impreso antiguo